Library Banner

Spinal cord injury and the family : (Record no. 129804)

MARC details
000 -LEADER
fixed length control field 00855cam a22002414a 4500
001 - CONTROL NUMBER
control field 15109823
005 - DATE AND TIME OF LATEST TRANSACTION
control field 20221216095352.0
008 - FIXED-LENGTH DATA ELEMENTS--GENERAL INFORMATION
fixed length control field 071212s2008 maua b 001 0 eng
020 ## - INTERNATIONAL STANDARD BOOK NUMBER
International Standard Book Number 9780674027145 (cloth : alk. paper)
020 ## - INTERNATIONAL STANDARD BOOK NUMBER
International Standard Book Number 0674027140 (cloth : alk. paper)
020 ## - INTERNATIONAL STANDARD BOOK NUMBER
International Standard Book Number 9780674027152 (pbk. : alk. paper)
020 ## - INTERNATIONAL STANDARD BOOK NUMBER
International Standard Book Number 0674027159 (pbk. : alk. paper)
040 ## - CATALOGING SOURCE
Transcribing agency PK-LaUMT
082 00 - DEWEY DECIMAL CLASSIFICATION NUMBER
Classification number 617.482044
Edition number 22
Item number ALP-S
100 1# - MAIN ENTRY--PERSONAL NAME
Personal name Alpert, Michelle J.
245 10 - TITLE STATEMENT
Title Spinal cord injury and the family :
Remainder of title a new guide /
Statement of responsibility, etc by Michelle J. Alpert and Saul Wisnia
260 ## - PUBLICATION, DISTRIBUTION, ETC. (IMPRINT)
Place of publication, distribution, etc Cambridge, Mass. :
Name of publisher, distributor, etc Harvard University Press,
Date of publication, distribution, etc 2008
300 ## - PHYSICAL DESCRIPTION
Extent xiv, 338 p. :
Other physical details ill. ;
Dimensions 22 cm.
650 #0 - SUBJECT ADDED ENTRY--TOPICAL TERM
Topical term or geographic name as entry element Spinal cord
General subdivision Wounds and injuries
650 #0 - SUBJECT ADDED ENTRY--TOPICAL TERM
Topical term or geographic name as entry element Spinal cord
General subdivision Wounds and injuries
-- Patients
-- Family relationships.
700 1# - ADDED ENTRY--PERSONAL NAME
Personal name Wisnia, Saul.
942 ## - ADDED ENTRY ELEMENTS (KOHA)
Koha item type Books
Holdings
Withdrawn status Lost status Damaged status Home library Current library Date acquired Full call number Barcode Date last seen Copy number Price effective from Koha item type
      UMT Health Sciences Campus UMT Health Sciences Campus 2022-12-16 617.482044 ALP-S 144145 2022-12-16 C.2 2022-12-16 Books
      UMT Health Sciences Campus UMT Health Sciences Campus 2022-12-16 617.482044 ALP-S 144144 2022-12-16   2022-12-16 Books